000 00686nam a2200289Ia 4500
005 20260324133305.0
008 008 260324s9999 xx 000 0 eng d
020 _a9781315263120
037 _aEBOOK
040 _aCRL
040 _beng
040 _cCRL
041 _2eng
041 _aeng
084 _qCRL
100 _aH. David Akroyd
_91192531
245 0 _aAgriculture and Rural Development Planning
245 2 _bA Process in Transition
260 _bTaylor and Francis
260 _c2003
365 _a
365 _b230
856 _uhttp://www.taylorfrancis.com/books/9781315263120
942 _cEBOOK
999 _c1791430
_d1791430